| Tag |
First Indicator |
Second Indicator |
Subfields |
| LEADER |
00000cam a2200000I 4500 |
| 001 |
in00001522521 |
| 005 |
20151021172119.0 |
| 008 |
000225s1962 pl 001 0bpol |
| 010 |
|
|
|a 64036719
|
| 035 |
|
|
|a (OCoLC)13576205
|
| 040 |
|
|
|a DLC
|c YBM
|d TXA
|d UtOrBLW
|
| 049 |
|
|
|a TXAM
|
| 050 |
0 |
0 |
|a DB879.K8
|b Z3
|
| 100 |
1 |
|
|a Zathey, Jerzy,
|e editor.
|
| 245 |
1 |
0 |
|a Pamiętniki Krakowskiej rodziny Louisów, 1831-1869 /
|c Przedm. poprzedziła Janina Bieniarzówna.
|
| 264 |
|
1 |
|a Kraków :
|b Wydawn. Literackie,
|c [1962]
|
| 300 |
|
|
|a 400 pages :
|b illustrations ;
|c 25 cm.
|
| 336 |
|
|
|a text
|b txt
|2 rdacontent
|
| 337 |
|
|
|a unmediated
|b n
|2 rdamedia
|
| 338 |
|
|
|a volume
|b nc
|2 rdacarrier
|
| 490 |
1 |
|
|a Pamiętniki i wspomnienia. Seria 1
|
| 600 |
3 |
0 |
|a Lewis family.
|
| 651 |
|
0 |
|a Kraków (Poland)
|x History
|x Sources.
|
| 830 |
|
0 |
|a Pamiętniki i wspomnienia.
|n Seria 1,
|
| 994 |
|
|
|a E0
|b TXA
|
| 948 |
|
|
|a cataloged
|b h
|c 2000/2/25
|d c
|e tchubaryan
|f 12:28:45 pm
|
| 999 |
|
|
|a MARS
|
| 999 |
f |
f |
|s 064837e6-4b56-30c1-831f-ffcd17546636
|i d7995abb-d98e-3c9e-97f5-6b98d06d2e73
|t 0
|
| 952 |
f |
f |
|p ric
|a Texas A&M University
|b Rellis Campus
|c Joint Library Facility
|d Remote Storage
|t 0
|e DB879.K8 Z3
|h Library of Congress classification
|i unmediated -- volume
|m A14825800155
|
| 998 |
f |
f |
|a DB879.K8 Z3
|t 0
|l Remote Storage
|